书目信息 |
| 题名: |
小镇逝水录
|
|
| 作者: | 陈应松 著 | |
| 分册: | ||
| 出版信息: | 天津 百花文艺出版社 2005.01 |
|
| 页数: | 271页 | |
| 开本: | 21cm | |
| 丛书名: | 日常写作丛书 | |
| 单 册: | ||
| 中图分类: | I267 | |
| 科图分类: | ||
| 主题词: | 散文--中国--当代--作品集 | |
| 电子资源: | ||
| ISBN: | 7-5306-3839-4 | |
| 000 | 00786nam 2200241 450 | |
| 001 | 192004002284 | |
| 005 | 20070910094256.46 | |
| 010 | @a7-5306-3839-4@dCNY16.00 | |
| 100 | @a20070601d2005 ekmy0chiy0121 ea | |
| 101 | 0 | @achi |
| 102 | @aCN@b120000 | |
| 105 | @aa z 000cy | |
| 200 | 1 | @a小镇逝水录@Axiao zhen shi shui lu@f陈应松著 |
| 210 | @a天津@c百花文艺出版社@d2005.01 | |
| 215 | @a271页@c图@d21cm | |
| 225 | 2 | @a日常写作丛书@Ari chang xie zuo cong shu |
| 330 | @a本书是一部中国当代散文作品集,主要内容:船与船帮,夏季涨水,杨老五的外甥,干爹干娘,毛泽东思想宣传站,另一个赎周老师等内容。 | |
| 410 | 0 | @12001 @a日常写作丛书 |
| 606 | 0 | @a散文@y中国@z当代@j作品集 |
| 690 | @aI267@v4 | |
| 701 | 0 | @a陈应松@Achen ying song@4著 |
| 801 | 0 | @aCN@c20070910 |
| 905 | @dI267@eC626 | |
| 小镇逝水录/陈应松著.-天津:百花文艺出版社,2005.01 |
| 271页:图;21cm.-(日常写作丛书) |
| ISBN 7-5306-3839-4:CNY16.00 |
| 本书是一部中国当代散文作品集,主要内容:船与船帮,夏季涨水,杨老五的外甥,干爹干娘,毛泽东思想宣传站,另一个赎周老师等内容。 |
| ● |
| 相关链接 |
|
|
|
正题名:小镇逝水录
索取号:I267/C626
 
预约/预借
| 序号 | 登录号 | 条形码 | 馆藏地/架位号 | 状态 | 备注 |
| 1 | 622951 | 206229516 | 文学库116/116文学库 3排1列4层/ [索取号:I267/C626] | 在馆 | |
| 2 | 622952 | 206229525 | 文学库116/116文学库 3排1列4层/ [索取号:I267/C626] | 在馆 | |
| 3 | 622953 | 206229534 | 社科二线422/422社科库 49排4列3层/ [索取号:I267/C626] | 在馆 | |
| 4 | 622954 | 206229543 | 社科二线422/422社科库 49排4列3层/ [索取号:I267/C626] | 在馆 | |
| 5 | 622955 | 206229552 | 社科二线422/422社科库 49排5列2层/ [索取号:I267/C626] | 在馆 |